000 00284nam a22001337a 4500
008 170210b xxu||||| |||| 00| 0 eng d
020 _a9781416062189
041 _aeng
080 _a61
100 _a4
101 _a61
245 _aPROCEDURE MANUAL CRITICAL
_cLYNN
942 _2udc
_cBK
999 _c5185
_d5185